Biblioteca

El judaísmo : Una introducción / Lawrence H. Schiffman (Registro nro. 43360)

Detalles MARC
000 -LÍDER
Campo fijo de descripción fija 002340000a22001090004500
041 0# - CÓDIGO DE IDIOMA
Código de idioma para texto/pista de sonido o título separado
082 04 - NÚMERO DE CLASIFICACIÓN DECIMAL DEWEY
Número de clasificación AV 0389
001 - NÚMERO DE CONTROL
Campo de control 14500
245 10 - TÍTULO
Título del Material El judaísmo : Una introducción / Lawrence H. Schiffman
300 ## - DESCRIPCIÓN FÍSICA
Extensión 37 Pág.
942 ## - TIPO DE MATERIAL (KOHA)
Tipo de Item KOHA Libros General
Existencias
Estado de Material Estado de Perdido Estado de Dañado No para Préstamo Colección Tomo Biblioteca de Origen Biblioteca Permanente Fecha de Adquisición Total de Préstamos Signatura Topográfica Código de Barras Última vez visto Ejemplar/Existencia Fecha de Remplazo Tipo de Material
        Colección Folletos   Biblioteca FUSBC Biblioteca FUSBC 17/08/2007   AV 0389 16620 12/12/2019 1 26/01/2016 Documentos Archivo Vertical

Biblioteca FUSBC | Teléfono: (57+4) 349 88 10 Ext. 141| WhatsApp (+57) 3005338115 
E-mail: biblioteca@unisbc.edu.co | Calle 76 87-14 Robledo Palenque, Medellín, Colombia

Con tecnología Koha